00531cam a22002291 4500001001300000003000400013005001700017008004100034010001700075025001700092035002000109040002100129042001200150050002000162100002400182245001900206260001100225300001900236500001600255500001300271999001700284sa 63001378 DLC20260227111927.0940805s1962 ii 000 1 beno  asa 63001378  aPL480:I-B-31 a(OCoLC)30890664 aDLCcCUdCUdDLC apremarc00aPK1718.R313bT71 aRay, Sushil,d1915-10aTrinaỳ‡anà„. c[1962] a238 p.c23 cm. aIn Bengali. aA novel. c53933d53933